header

Recent progress in atmospheric sciences (Record no. 106241)

MARC details
000 -LEADER
fixed length control field 01326nam a2200313 a 4500
082 04 - DEWEY DECIMAL CLASSIFICATION NUMBER
Classification number 551.5
245 00 - TITLE STATEMENT
Title Recent progress in atmospheric sciences
260 ## - PUBLICATION, DISTRIBUTION, ETC. (IMPRINT)
Place of publication Singapore ;
-- Hackensack, NJ :
Name of publisher World Scientific Pub.,
Year of publication c2008.
300 ## - PHYSICAL DESCRIPTION
Number of Pages ix, 486 p. :
Other physical details ill. (some col.), maps (some col.).
650 #0 - SUBJECT ADDED ENTRY--TOPICAL TERM
Topical Term Atmospheric physics.
700 1# - ADDED ENTRY--PERSONAL NAME
Personal name Liou, Kuo-Nan.
Personal name Chou, M. D.
856 40 - ELECTRONIC LOCATION AND ACCESS
Uniform Resource Identifier http://site.ebrary.com/lib/rucke/Doc?id=10361550

No items available.

© 2026 Rongo University
Contact us: librarian | system librarian | Rongo university